000
00306 a2200145 4500
001
171205
020
_a
040
_c
Magnum
100
_a
Abramovay, Miriam
240
1
0
_a
Violencia nas escolas
_l
por
245
1
0
_a
Violencia nas escolas
362
0
_a
1899
697
_a
PROBLEMAS SOCIAIS
942
_c
BK
999
_c
171205
_d
171205